<?xml version="1.0" encoding="UTF-8"?><?xml-stylesheet type="text/xsl" href="static/style.xsl"?><OAI-PMH xmlns="http://www.openarchives.org/OAI/2.0/" xmlns:xsi="http://www.w3.org/2001/XMLSchema-instance" xsi:schemaLocation="http://www.openarchives.org/OAI/2.0/ http://www.openarchives.org/OAI/2.0/OAI-PMH.xsd"><responseDate>2026-04-17T00:56:14Z</responseDate><request verb="GetRecord" identifier="oai:www.recercat.cat:2445/114874" metadataPrefix="marc">https://recercat.cat/oai/request</request><GetRecord><record><header><identifier>oai:recercat.cat:2445/114874</identifier><datestamp>2025-12-05T16:10:19Z</datestamp><setSpec>com_2072_1057</setSpec><setSpec>col_2072_478904</setSpec><setSpec>col_2072_478917</setSpec></header><metadata><record xmlns="http://www.loc.gov/MARC21/slim" xmlns:dcterms="http://purl.org/dc/terms/" xmlns:xsi="http://www.w3.org/2001/XMLSchema-instance" xmlns:doc="http://www.lyncode.com/xoai" xsi:schemaLocation="http://www.loc.gov/MARC21/slim http://www.loc.gov/standards/marcxml/schema/MARC21slim.xsd">
   <leader>00925njm 22002777a 4500</leader>
   <datafield ind2=" " ind1=" " tag="042">
      <subfield code="a">dc</subfield>
   </datafield>
   <datafield ind2=" " ind1=" " tag="720">
      <subfield code="a">Verde, Licia</subfield>
      <subfield code="e">author</subfield>
   </datafield>
   <datafield ind2=" " ind1=" " tag="260">
      <subfield code="c">2017-09-01T08:37:05Z</subfield>
   </datafield>
   <datafield ind2=" " ind1=" " tag="260">
      <subfield code="c">2017-09-01T08:37:05Z</subfield>
   </datafield>
   <datafield ind2=" " ind1=" " tag="260">
      <subfield code="c">2010</subfield>
   </datafield>
   <datafield ind2=" " ind1=" " tag="260">
      <subfield code="c">2017-09-01T08:37:05Z</subfield>
   </datafield>
   <datafield ind2=" " ind1=" " tag="520">
      <subfield code="a">With the advent of galaxy surveys which provide large samples of galaxies or galaxy clusters over a volume comparable to the horizon size (SDSS-III, HETDEX, Euclid, JDEM, LSST, Pan-STARRS, CIP, etc.) or mass-selected large cluster samples over a large fraction of the extra-galactic sky (Planck, SPT, ACT, CMBPol, B-Pol), it is timely to investigate what constraints these surveys can impose on primordial non-Gaussianity. I illustrate here three different approaches: higher-order correlations of the three dimensional galaxy distribution, abundance of rare objects (extrema of the density distribution), and the large-scale clustering of halos (peaks of the density distribution). Each of these avenues has its own advantages, but, more importantly, these approaches are highly complementary under many respects.</subfield>
   </datafield>
   <datafield tag="653" ind2=" " ind1=" ">
      <subfield code="a">Relativitat general (Física)</subfield>
   </datafield>
   <datafield tag="653" ind2=" " ind1=" ">
      <subfield code="a">Cosmologia</subfield>
   </datafield>
   <datafield tag="653" ind2=" " ind1=" ">
      <subfield code="a">General relativity (Physics)</subfield>
   </datafield>
   <datafield tag="653" ind2=" " ind1=" ">
      <subfield code="a">Cosmology</subfield>
   </datafield>
   <datafield ind2="0" ind1="0" tag="245">
      <subfield code="a">Non-Gaussianity from large-scale structure surveys</subfield>
   </datafield>
</record></metadata></record></GetRecord></OAI-PMH>